សិក្សាពីប្រសិទ្ធិភាពនៃការធ្វើសំណាក ក្នុងការប្រមូលទិន្នន័យ អំពីទិន្នផល និងទិន្នភាពនានា នាការពិសោធន៍ប្រៀបធៀបដោយពូជស្រូវស្រាល (Record no. 36)

000 -LEADER
fixed length control field 00722nam a22001457a 4500
003 - CONTROL NUMBER IDENTIFIER
control field OSt
005 - DATE AND TIME OF LATEST TRANSACTION
control field 20150905144720.0
008 - FIXED-LENGTH DATA ELEMENTS--GENERAL INFORMATION
fixed length control field 150905b xxu||||| |||| 00| 0 eng d
040 ## - CATALOGING SOURCE
Transcribing agency RUA
082 ## - DEWEY DECIMAL CLASSIFICATION NUMBER
Classification number AGR ផេង​​​​​​ 1992 B003 Or.1
100 ## - MAIN ENTRY--PERSONAL NAME
9 (RLIN) 37
Personal name ផេង​​​​​ សុភា
245 ## - TITLE STATEMENT
Title សិក្សាពីប្រសិទ្ធិភាពនៃការធ្វើសំណាក ក្នុងការប្រមូលទិន្នន័យ អំពីទិន្នផល និងទិន្នភាពនានា នាការពិសោធន៍ប្រៀបធៀបដោយពូជស្រូវស្រាល
300 ## - PHYSICAL DESCRIPTION
Extent 29p.
Other physical details ill.
Dimensions 29cm.
942 ## - ADDED ENTRY ELEMENTS (KOHA)
Source of classification or shelving scheme
Koha item type AGR
Holdings
Price effective from Date last seen Permanent Location Not for loan Date acquired Source of classification or shelving scheme Koha item type Lost status Withdrawn status Date last checked out Total Checkouts Shelving location Damaged status Barcode Current Location Full call number
2015-09-052025-06-24Library Block B 2015-09-05 AGR  2025-06-211B003 RUA004973Library Block BAGR ផេង​​​​​​ 1992 B003 Or.1
2015-09-052015-09-05Library Block B 2015-09-05 AGR    B003 RUA004893Library Block BAGR ផេង​​​​​​ 1992 B003 Or.2
2015-09-052015-09-05Library Block B 2015-09-05 AGR    B003 RUA004830Library Block BAGR ផេង​​​​​​ 1992 B003 Or.3
2015-09-052015-09-05Library Block B 2015-09-05 AGR    B003 RUA004811Library Block BAGR ផេង​​​​​​ 1992 B003 Or.4
2015-09-052015-09-05Library Block B 2015-09-05 AGR    B003 RUA004954Library Block BAGR ផេង​​​​​​ 1992 B003 Or.5
2015-09-052015-09-05Library Block B 2015-09-05 AGR    B003 RUA004816Library Block BAGR ផេង​​​​​​ 1992 B003 Or.6
2015-09-052015-09-05Library Block B 2015-09-05 AGR    B003 RUA004744Library Block BAGR ផេង​​​​​​ 1992 B003 Or.7
2015-09-052015-09-05Library Block B 2015-09-05 AGR    B003 RUA004965Library Block BAGR ផេង​​​​​​ 1992 B003 Or.8
2015-09-052015-09-05Library Block B 2015-09-05 AGR    B003 RUA004748Library Block BAGR ផេង​​​​​​ 1992 B003 Or.9
មជ្ឈមណ្ឌលឯការនៃសាកលវិទ្យាល័យភូមិន្ទកសិកម្មចំការដូង

Powered by Koha